Missing Word: Initialisms III Quiz Stats

Quiz Updated Apr 28, 2014

Challenge
Share
Tweet
Embed
Score 0/20 Timer 04:00
0 Plays Today
Hint Answer % Correct
Do ____ YourselfIt
99%
____ Lettuce TomatoBacon
98.4%
______ Theft AutoGrand
98.4%
Royal ____ ForceAir
97.9%
Best ____ ForeverFriends
97%
Mixed Martial ____Arts
96.7%
New York _____ ExchangeStock
96.2%
What Would ____ Do?Jesus
90.7%
_____ Deposit Insurance CorporationFederal
88.5%
Young ____ Christian AssociationMen's
86.1%
Hint Answer % Correct
_____ Financial OfficerChief
85.6%
American _____ ClassicsMovie
82.8%
Global ____ SystemPositioning
81.6%
_____ Without LeaveAbsent
79.9%
Palestinian Liberation _____Organization
77.5%
Hyper _____ Markup LanguageText
64.2%
Liquid ____ DisplayCrystal
62.8%
_____ Criminal Investigative ServiceNaval
56.7%
National _____ & Space AdministrationAeronautics
55.9%
Ordinary _____ LevelWizarding
37.8%

Today's Daily Dose

Missing Word
Fruity Song Titles

Quick Pick
Double Blanks

On This Day
June 22nd II

You're not logged in!

Compare scores with friends on all Sporcle quizzes.
Join for Free
OR
Log In

You Might Also Like...

Show Comments

Extras

Top Quizzes Today


Score Distribution

Your Account Isn't Verified!

In order to create a playlist on Sporcle, you need to verify the email address you used during registration. Go to your Sporcle Settings to finish the process.

Report this User

Report this user for behavior that violates our Community Guidelines.

Details: